00000000nam##2200000za#4500
0019.534426
003CaOODSP
00520200327074242
007ta
008150406|2001||||xxc|||||     f|0| 0 eng|d
020 |a0-660-61496-0
040 |aCaOODSP|beng
041 |aeng
041 |afre
043 |an-cn---
0861 |aBT31-2/2002-III-68
1101 |aCanada. |bTreasury Board.
24510|aStatistics Canada
260 |aOttawa - Ontario : |bTreasury Board of Canada Secretariat |c2001.
300 |aEnglish text, 43p. : |btables ; |c28 cm.
4901 |a2001-2002 estimates, part III: report on plans and priorities
546 |aBilingual
563 |aSoftcover
590 |a01-14|b2001-04-06
69007|aEstimates|2gcpds
7760#|tStatistics Canada, 2001-2002 estimates, part III - report on plans and priorities |w(CaOODSP)9.568536
7760#|tStatistique Canada, budget des dépenses 2001-2002, partie III - rapport sur les plans et les priorités |w(CaOODSP)9.599812
792 |tStatistique Canada |efre|w(CaOODSP)9.534427
830#0|a2001-2002 estimates, part III: report on plans and priorities.|w(CaOODSP)9.508966